Діялоги (Запис № 574910)

МАРК-запис
000 -Лідер
fixed length control field 00778nam a22002177a 4500
001 - Контрольний номер
control field 2162214035923969
003 - Ідентифікатор контрольного номера
control field UA-OsUOA
005 - Дата та час останнього входження (трансакції)
control field 20230817141706.0
008 - Елементи даних фіксованої довжини – загальна інформація
fixed length control field 230817b un ||||| |||| 00| 0 ukr d
040 ## - Джерело каталогізації
Агенція оригінальної каталогізації UA-OsUOA
Мова каталогізації ukr
Агенція, яка здійснювала перезапис UA-OsUOA
Агенція, яка здійснювала модифікацію UA-OsUOA
041 ## - Код мови
Код мови тексту/ звукової доріжки чи окремого заголовка (П) ukr
080 ## - Індекс Універсальної десяткової класифікації
Індекс Універсальної десяткової класифікації (УДК) (НП) 050(477+569.4)
090 ## - Локальний шифр розміщення
Класифікаційний індекс УДК 050(477+569.4)
245 ## - Відомості про назву
Назва (НП) Діялоги
246 ## - Інша форма назви
Назва (НП) Диалоги
260 ## - Публікація, розповсюдження і т.п. (Вихідні дані)
Місце публікації, розповсюдження і т.п. (П) Єрусалим
Ім’я/ наймення видавництва, розповсюджувача і т.п. (П) Товариство Єврейсько-Українських Зв'язків в Ізраїлі
Дата публікації, розповсюдження і т.п. (П) 1983
300 ## - Фізичний опис
Обсяг 189 с.
490 ## - Область серії
Назва серії Квартальник Громадсько-політичний та літературний
Позначення і номер тому / порядкове позначення ЧЧ 1-2, 1983 р.
650 ## - Додаткове предметне введення – тематичний термін
Джерело заголовка чи терміна UDC
Тематичний термін чи географічна назва, як елемент введення (НП) 050 Серіальні видання. Періодика
942 ## - Додаткові елементи входу (Коха)
Source of classification or shelving scheme Universal Decimal Classification
Тип елемента Koha Книги
Фонди
Стан вилучень Стан втрат Джерело класифікації або схеми стелажів Стан уражень Не для кредиту Код колекції Постійне місце розташування Поточне розміщення Дата придбання Джерело придбання Інвентарний номер Усього замовленно Повний номер виклику Штрих-код Дата останнього перегляду Ціна ефективна від Тип елемента Koha
    Universal Decimal Classification     Колекція др. Константина Бризгуна (Оксани і Ярослава Соколиків) Наукова бібліотека ІДУД Наукова бібліотека ІДУД 17/08/2023 Акт надходжень №4/02.08.2023 (від Соколиків) 2140598   050(477+569.4) 2140598 17/08/2023 17/08/2023 Книги